000 00569nam a2200181Ia 4500
005 20260429112244.0
008 260429s9999||||xx |||||||||||||| ||und||
020 _a9789381848103
041 _aHindi
082 _a891.4309
_bSIN
100 _aसिंह, श्रीकांत
245 0 _aसंतकाव्य और बिहार /
_cश्रीकांत सिंह
250 _a1st ed.
260 _aदिल्ली :
_bप्रकाशन संस्थान,
_c2013.
300 _a256 p.; Hb
650 _aCriticism
942 _cTB
999 _c53154
_d53154